<?xml version="1.0" encoding="UTF-8"?>
<record
    xmlns:xsi="http://www.w3.org/2001/XMLSchema-instance"
    xsi:schemaLocation="http://www.loc.gov/MARC21/slim http://www.loc.gov/standards/marcxml/schema/MARC21slim.xsd"
    xmlns="http://www.loc.gov/MARC21/slim">

  <leader>02840nam a22002654a 4500</leader>
  <controlfield tag="003">BOLpUSFA</controlfield>
  <controlfield tag="005">20260407143137.0</controlfield>
  <controlfield tag="008">      t        bo     grm    001 | spa||</controlfield>
  <datafield tag="040" ind1=" " ind2=" ">
    <subfield code="a">BOLpUSFA</subfield>
  </datafield>
  <datafield tag="041" ind1=" " ind2=" ">
    <subfield code="a">spa</subfield>
  </datafield>
  <datafield tag="044" ind1=" " ind2=" ">
    <subfield code="a">BO</subfield>
  </datafield>
  <datafield tag="082" ind1=" " ind2=" ">
    <subfield code="a">ICO0041</subfield>
    <subfield code="b">F363rPG</subfield>
  </datafield>
  <datafield tag="100" ind1=" " ind2=" ">
    <subfield code="a">Fern&#xE1;ndez Carrillo, Dayana G&#xE9;nesis</subfield>
  </datafield>
  <datafield tag="245" ind1=" " ind2=" ">
    <subfield code="a">Redise&#xF1;o del proceso administrativo en la Cl&#xED;nica Nexus Medical de la Zona Ciudad Sat&#xE9;lite de la ciudad de El Alto Gesti&#xF3;n 2025.</subfield>
  </datafield>
  <datafield tag="260" ind1=" " ind2=" ">
    <subfield code="a">El Alto: </subfield>
    <subfield code="b">Universidad Privada San Francisco de As&#xED;s. Carrera de Ingenier&#xED;a Comercial, </subfield>
    <subfield code="c">2025</subfield>
  </datafield>
  <datafield tag="300" ind1=" " ind2=" ">
    <subfield code="a">147 p.</subfield>
  </datafield>
  <datafield tag="502" ind1=" " ind2=" ">
    <subfield code="a">Modalidad: Proyecto de Grado - 
Tutor: Ing. Carlos Eduardo Villarroel Prieto</subfield>
  </datafield>
  <datafield tag="520" ind1=" " ind2=" ">
    <subfield code="a">El presente proyecto aborda el redise&#xF1;o del proceso administrativo para la 
Cl&#xED;nica Nexus Medical, ante las deficiencias actuales en su organizaci&#xF3;n  interna. 
Actualmente, dicho proceso se lleva acabo de forma emp&#xED;rica a pesar que existen 
pocos  documentos  respalde  su  existencia,  provocando  problemas  de  eficiencia 
operativa,  conflictos  internos,  desmotivaci&#xF3;n  del  personal  y  una  disminuci&#xF3;n  de 
satisfacci&#xF3;n y fidelizaci&#xF3;n de los pacientes, afectando la rentabilidad de la cl&#xED;nica. 

La investigaci&#xF3;n se gu&#xED;a con la pregunta: &#xBF;Cu&#xE1;l ser&#xE1; el beneficio de redise&#xF1;ar 
un proceso administrativo en la cl&#xED;nica Nexus Medical de la zona Ciudad Sat&#xE9;lite de 
la  Ciudad  de  El  Alto  gesti&#xF3;n  2025?  El  objetivo  general  es  redise&#xF1;ar  un  proceso 
administrativo  que  optimice  las  funciones  esenciales  de  la  cl&#xED;nica.  Los  objetivos 
espec&#xED;ficos es diagnosticar la situaci&#xF3;n actual de la cl&#xED;nica, identificar los puntos de 
quiebre que afectan a la cl&#xED;nica, proponer un redise&#xF1;o organizacional y elaborar un 
plan de acci&#xF3;n para la implementaci&#xF3;n del redise&#xF1;o. 

El estudio adoptar&#xE1; un enfoque mixto, bajo una investigaci&#xF3;n no experimental 
con dise&#xF1;o transeccional o transversal, recolectando datos en un &#xFA;nico momento. 
Es de tipo descriptivo, guiado por el m&#xE9;todo cient&#xED;fico y deductivo. La informaci&#xF3;n 
se  obtendr&#xE1;  mediante  entrevistas  al  personal  m&#xE9;dico  y  revisi&#xF3;n  bibliogr&#xE1;fica  de 
libros, revistas y documentos administrativos. 

En los cap&#xED;tulos siguientes se desenvolver&#xE1; la parte te&#xF3;rica para ver bajo que 
conceptos  se  desarrollar&#xE1;  la  propuesta  con  el  fin  de  sustentar  la  investigaci&#xF3;n  y 
orientarlo para dar peso a la pregunta de investigaci&#xF3;n, este marco se enfocar&#xE1; en 
que  es  la  administraci&#xF3;n  y  sus  principales  pilares  que  son  la  planeaci&#xF3;n, 
organizaci&#xF3;n, direcci&#xF3;n y control. 
</subfield>
  </datafield>
  <datafield tag="650" ind1=" " ind2=" ">
    <subfield code="a">Ingenier&#xED;a Comercial</subfield>
  </datafield>
  <datafield tag="650" ind1=" " ind2=" ">
    <subfield code="a">Proyecto de Grado</subfield>
  </datafield>
  <datafield tag="650" ind1=" " ind2=" ">
    <subfield code="a">Proceso administrativo</subfield>
  </datafield>
  <datafield tag="650" ind1=" " ind2=" ">
    <subfield code="a">Cl&#xED;nicas</subfield>
  </datafield>
  <datafield tag="650" ind1=" " ind2=" ">
    <subfield code="a">Investigaci&#xF3;n no experimental</subfield>
  </datafield>
  <datafield tag="942" ind1=" " ind2=" ">
    <subfield code="2">ddc</subfield>
    <subfield code="c">TE</subfield>
    <subfield code="z">LLO</subfield>
  </datafield>
  <datafield tag="999" ind1=" " ind2=" ">
    <subfield code="c">9677</subfield>
    <subfield code="d">9677</subfield>
  </datafield>
  <datafield tag="952" ind1=" " ind2=" ">
    <subfield code="0">0</subfield>
    <subfield code="1">0</subfield>
    <subfield code="2">ddc</subfield>
    <subfield code="4">0</subfield>
    <subfield code="7">0</subfield>
    <subfield code="8">2</subfield>
    <subfield code="a">BEA</subfield>
    <subfield code="b">BEA</subfield>
    <subfield code="c">3</subfield>
    <subfield code="d">2026-03-25</subfield>
    <subfield code="e">4</subfield>
    <subfield code="l">0</subfield>
    <subfield code="o">ICO0041 F363rPG</subfield>
    <subfield code="p">BEA01524</subfield>
    <subfield code="r">2026-03-25</subfield>
    <subfield code="w">2026-03-25</subfield>
    <subfield code="y">TE</subfield>
  </datafield>
</record>
